Ecosistema de bienestar y felicidad corporativa Resiliencia y la creacin̤ de una nueva era de ld̕eres de contagio positivo /

Detalles Bibliográficos
Autor principal: Ibę̀z, Pilar
Formato: eBook
Lenguaje:español
Publicado: Bogot:̀ Ediciones de la U, 2021
Materias:
Acceso en línea:Acceso restringido

MARC

LEADER 00000nam a22000007a 4500
005 20210910200958.0
007 cr|||| ||||
008 210910s2021 co |||||s|||| 00||0 spa d
020 |a 978-958-792-256-1 
035 |a 35042 
040 |a vLex 
090 |c 12406  |d 12406 
100 1 |a Ibę̀z, Pilar 
245 1 0 |a Ecosistema de bienestar y felicidad corporativa  |h [Recurso electrn̤ico] :  |b Resiliencia y la creacin̤ de una nueva era de ld̕eres de contagio positivo /  |c Pilar Ibę̀z 
256 |a Servicio en ln̕ea 
260 |a Bogot:̀  |b Ediciones de la U,  |c 2021 
300 |a 1 recurso electrn̤ico 
500 |a Este libro tiene dos props̤itos: crear un ecosistema de bienestar y felicidad corporativo y crear ld̕eres de contagio positivo.El primer props̤ito lo encontrarǹ en la parte A del libro, donde los acompaąr ̌paso a paso para crear su propio ecosistema de bienestar y felicidad corporativo. El proceso de creacin̤ del ecosistema va desde qu ̌es hasta cm̤o se crean indicadores.El segundo props̤ito, la creacin̤ de ld̕eres de contagio positivo, lo encontrarǹ en la parte B del libro. En esta parte, los guiar ̌a travš de las teora̕s cientf̕icas detrs̀ de conceptos de: felicidad (PERMA del Dr. Seligman), resiliencia (Dra. Karen Reivich), determinacin̤ (Dra. Angela Duckworth) y algunas otras. As ̕como una lista de chequeo de habilidades que, s ̕o s,̕ deben tener, adquirir o desarrollar los ld̕eres de contagio positivo.Y finalmente, una parte C, como extra, pero de gran importancia y relevancia. La creacin̤ de indicadores de felicidad, en la que de forma introductoria veremos los diferentes tipos de mediciones, para finalmente darles el paso a paso y las recomendaciones para que puedan construir sus propias mediciones de felicidad. 
506 1 |a Disponible solo en los productos indicados  |d vLex Global  |d vLex Global (Academic Edition, excluding Law Schools)  |d vLex Global (U.S. Academic Edition, Law Schools)  |d vLex Global (U.S. Academic Edition, excluding Law Schools)  |d vLex Global (Academic Edition, Law Schools) 
650 0 4 |a Derecho Pb︢lico y Administrativo  |z Colombia 
650 0 4 |a Educacin̤  |z Colombia 
740 0 |a vLex Libros (Servicio en ln̕ea) 
856 4 0 |u https://app.vlex.com/#/sources/35042  |z Acceso restringido 
942 |c BOOK 
999 0 |a Public and Administrative Law 
999 0 |a Education